MLB The Show 20: Every Finest Card - Statistics

General Stats
  • This quiz has been taken 291 times
    264 since last reset
  • The average score is 30 of 54
Answer Stats
Overall Team Position Player % Correct
99 Rays Closing Pitcher Nick Anderson
90%
99 White Sox Shortstop Tim Anderson
90%
99 Royals Catcher Salvador Perez
87%
99 Indians Starting Pitcher Shane Bieber
82%
99 Yankees Second Base DJ Lemahieu
76%
99 Braves First Base Freddie Freeman
76%
99 Red Sox Shortstop Xander Bogaerts
74%
99 Yankees Starting Pitcher Gerrit Cole
70%
99 Padres Third Base Manny Machado
70%
99 Twins Outfield/DH Nelson Cruz
70%
99 Braves Outfield Ronald Acuna Jr.
70%
99 Dodgers Outfield Mookie Betts
69%
99 Rockies Shortstop Trevor Story
69%
99 Astros Third Base Alex Bregman
68%
99 Indians Shortstop Francisco Lindor
68%
99 Indians Third Base Jose Ramirez
66%
99 Brewers Closing Pitcher Josh Hader
66%
99 Rockies Third Base Nolan Arenado
66%
99 Astros Outfield Kyle Tucker
65%
99 Cubs Starting Pitcher Yu Darvish
64%
99 Orioles Outfield Anthony Santander
62%
99 Brewers Relief Pitcher Devin Williams
62%
99 Reds Starting Pitcher Trevor Bauer
62%
99 D-Backs Second Base Ketel Marte
61%
99 Angels Shortstop David Fletcher
59%
99 Pirates Catcher Jacob Stallings
58%
99 Blue Jays Outfield Lourdes Gurriel Jr.
58%
99 D-Backs Starting Pitcher Zac Gallen
58%
99 A's Closing Pitcher Liam Hendriks
55%
98 Pirates First Base Josh Bell
54%
99 Mariners Outfield Kyle Lewis
54%
98 Giants First Base Brandon Belt
53%
99 Padres Closing Pitcher Kirby Yates
52%
99 Marlins Shortstop Miguel Rojas
47%
99 Padres Starting Pitcher Dinelson Lamet
46%
99 Rangers Starting Pitcher Lance Lynn
46%
97 Reds Starting Pitcher Luis Castillo
46%
99 Tigers First Base Jeimer Candelario
44%
97 Blue Jays Starting Pitcher Hyun-Jin Ryu
43%
99 Giants Outfield Mike Yastrzemski
43%
97 Red Sox Outfield Alex Verdugo
42%
97 Padres Second Base Jake Cronenworth
42%
99 Cardinals Relief Pitcher Giovani Gallegos
41%
98 Mets First Base Dominic Smith
40%
97 Giants Starting Pitcher Kevin Gausman
38%
98 Royals Outfield Whit Merrifield
38%
98 Indians Relief Pitcher Brad Hand
33%
97 Orioles Shortstop Jose Iglesias
33%
98 Yankees Starting Pitcher Luis Severino
32%
97 Mariners Starting Pitcher Marco Gonzales
29%
98 Dodgers Starting Pitcher Tony Gonsolin
28%
97 Padres Relief Pitcher Drew Pomeranz
23%
93 Phillies Relief Pitcher Pat Neshek
17%
98 White Sox Outfield Eloy Jiminez
15%
No matching quizzes found
Score Distribution
Percent of People with Each Score
Percentile by Number Answered
Your Score History
You have not taken this quiz since the last reset